[Event "CZE-chT2F 1718"]
[Site "Czech Republic"]
[Date "2017.12.03"]
[Round "4.4"]
[White "Soban, Jaroslav"]
[Black "Bachorik, Otto"]
[Result "1/2-1/2"]
[WhiteElo "2100"]
[BlackElo "2142"]
[PlyCount "24"]
[EventDate "2017.10.15"]
[EventType "team-tourn"]
[EventRounds "11"]
[EventCountry "CZE"]
[SourceTitle "EXT 2022"]
[Source "ChessBase"]
[SourceDate "2021.10.06"]
[SourceVersion "1"]
[SourceVersionDate "2021.10.06"]
[SourceQuality "1"]
[WhiteTeam "Olomouc ASK"]
[BlackTeam "Ostrava Labortech II"]
[WhiteTeamCountry "CZE"]
[BlackTeamCountry "CZE"]

1. c4 e6 2. Nf3 Nf6 3. g3 b6 4. Bg2 Bb7 5. 0-0 Be7 6. d4 0-0 7. Nc3 d5 8. b3 Nbd7 9. Bb2 c5 10. cxd5 Nxd5 11. Nxd5 Bxd5 12. Qd3 cxd4 1/2-1/2

[Event "CZE-chT1E 1718"]
[Site "Czech Republic"]
[Date "2017.11.12"]
[Round "2.4"]
[White "Raszka, Janusz"]
[Black "Soban, Jaroslav"]
[Result "1-0"]
[WhiteElo "2116"]
[BlackElo "2100"]
[PlyCount "65"]
[EventDate "2017.10.22"]
[EventType "team-tourn"]
[EventRounds "11"]
[EventCountry "CZE"]
[SourceTitle "CBM 181 Extra"]
[Source "ChessBase"]
[SourceDate "2017.12.12"]
[SourceVersion "1"]
[SourceVersionDate "2017.12.12"]
[SourceQuality "1"]
[WhiteTeam "Cesky Tesin"]
[BlackTeam "Grygov"]
[WhiteTeamCountry "CZE"]
[BlackTeamCountry "CZE"]

1. e4 Nf6 2. e5 Nd5 3. d4 d6 4. Nf3 Bg4 5. exd6 exd6 6. Be2 Be7 7. 0-0 0-0 8. h3 Bh5 9. c4 Nb6 10. b3 Bf6 11. Be3 Nc6 12. Nc3 Re8 13. Qd2 a5 14. g4 Bg6 15. g5 Be7 16. Nh4 f6 17. Nxg6 hxg6 18. f4 Nb4 19. a3 Na6 20. h4 Rf8 21. Bg4 f5 22. Bf3 c6 23. Rfe1 Qd7 24. h5 Kf7 25. hxg6+ Kxg6 26. Re2 Rh8 27. Rae1 Rae8 28. d5 c5 29. Bf2 Nc7 30. Nb5 Kf7 31. Nxc7 Qxc7 32. Qxa5 Bd8 33. g6+ 1-0

[Event "CZE-chT1E 1718"]
[Site "Czech Republic"]
[Date "2017.10.22"]
[Round "1.3"]
[White "Soban, Jaroslav"]
[Black "Malcanek, Jan"]
[Result "0-1"]
[WhiteElo "2100"]
[BlackElo "2107"]
[PlyCount "70"]
[EventDate "2017.10.22"]
[EventType "team-tourn"]
[EventRounds "11"]
[EventCountry "CZE"]
[SourceTitle "CBM 181 Extra"]
[Source "ChessBase"]
[SourceDate "2017.12.12"]
[SourceVersion "1"]
[SourceVersionDate "2017.12.12"]
[SourceQuality "1"]
[WhiteTeam "Grygov"]
[BlackTeam "Hostalkova"]
[WhiteTeamCountry "CZE"]
[BlackTeamCountry "CZE"]

1. c4 Nf6 2. Nc3 c5 3. g3 d5 4. cxd5 Nxd5 5. Bg2 Nc7 6. Nf3 Nc6 7. d3 e5 8. 0-0 Be7 9. Be3 Be6 10. Rc1 Rc8 11. Nd2 Qd7 12. Qa4 Nd5 13. Nxd5 Bxd5 14. Bxd5 Qxd5 15. Qg4 0-0 16. Bh6 g6 17. Bxf8 Rxf8 18. Qc4 Qd7 19. Nf3 Kg7 20. e3 f5 21. Qc3 Qd5 22. Nd2 Rd8 23. Qc4 Qxd3 24. Qxd3 Rxd3 25. Nb3 b6 26. Rfd1 Nb4 27. Rxd3 Nxd3 28. Rd1 c4 29. Nc1 e4 30. Nxd3 exd3 31. Kf1 Bf6 32. b3 b5 33. f3 Bb2 34. Ke1 c3 35. Rxd3 c2 0-1

[Event "Valasska Bystrice op"]
[Site "Valasska Bystrice"]
[Date "2017.09.15"]
[Round "8"]
[White "Volodin, Viktor Nikolaevich"]
[Black "Soban, Jaroslav"]
[Result "1-0"]
[WhiteElo "2190"]
[BlackElo "2090"]
[PlyCount "116"]
[EventDate "2017.09.09"]
[EventType "swiss"]
[EventRounds "9"]
[EventCountry "CZE"]
[SourceTitle "CBM 180 Extra"]
[Source "ChessBase"]
[SourceDate "2017.10.06"]
[SourceVersion "1"]
[SourceVersionDate "2017.10.06"]
[SourceQuality "1"]

1. Nf3 f5 2. g3 Nf6 3. Bg2 g6 4. b4 Bg7 5. Bb2 d6 6. d4 0-0 7. c4 Qe8 8. Nbd2 e5 9. dxe5 Ng4 10. 0-0 dxe5 11. h3 Nh6 12. e4 f4 13. b5 Qe7 14. Qb3 Nd7 15. c5+ Qf7 16. Ng5 Qxb3 17. Nxb3 Re8 18. Rfd1 Nf7 19. Nf3 fxg3 20. fxg3 a6 21. a4 Nf6 22. Re1 axb5 23. axb5 Rxa1 24. Bxa1 Nh5 25. Kh2 Rd8 26. Bf1 Be6 27. Na5 Ra8 28. Bc3 b6 29. cxb6 cxb6 30. Nc6 Ra3 31. Ne7+ Kh8 32. Rc1 Ra2+ 33. Bg2 Ra7 34. Nc6 Ra3 35. Bb4 Rb3 36. Ra1 h6 37. Ra8+ Kh7 38. Ra7 Bc4 39. Nd2 Rxb4 40. Nxb4 Be6 41. Nd5 Nd6 42. g4 Bxd5 43. gxh5 Bg8 44. Bf1 gxh5 45. Rd7 Ne8 46. Rb7 Kg6 47. Rxb6+ Kg5 48. Kg3 h4+ 49. Kf3 Bf8 50. Bc4 Bh7 51. Rc6 Bb4 52. Nb3 Nd6 53. Bd3 Bg6 54. Nc5 Be8 55. Rxd6 Bxc5 56. Re6 Bh5+ 57. Kg2 Kf4 58. Rf6+ Ke3 1-0

[Event "CZE-chT2F 1617"]
[Site "Czech Republic"]
[Date "2016.12.11"]
[Round "5.6"]
[White "Koci, Ladislav"]
[Black "Soban, Jaroslav"]
[Result "0-1"]
[WhiteElo "1855"]
[BlackElo "2102"]
[PlyCount "52"]
[EventDate "2016.10.09"]
[EventType "team-tourn"]
[EventRounds "11"]
[EventCountry "CZE"]
[SourceTitle "EXT 2022"]
[Source "ChessBase"]
[SourceDate "2021.10.06"]
[SourceVersion "1"]
[SourceVersionDate "2021.10.06"]
[SourceQuality "1"]
[WhiteTeam "Unicov"]
[BlackTeam "Litovel Tatran II"]
[WhiteTeamCountry "CZE"]
[BlackTeamCountry "CZE"]

1. d4 f5 2. Nf3 Nf6 3. c4 g6 4. Nc3 Bg7 5. Qc2 d6 6. Bg5 0-0 7. 0-0-0 Na6 8. a3 c5 9. d5 Nc7 10. Bxf6 Bxf6 11. e3 a6 12. h4 b5 13. Ng5 Rb8 14. cxb5 axb5 15. Qb3 Bd7 16. Rd2 b4 17. Nb1 bxa3 18. Qxa3 Ra8 19. Qb3 Ba4 20. Qb6 Qd7 21. Ne6 Nxe6 22. dxe6 Qxe6 23. Qb7 Rfb8 24. Qd5 Qxd5 25. Rxd5 Bxb2+ 26. Kd2 Bb3 0-1

[Event "CZE-chT2E 1516"]
[Site "Czech Republic"]
[Date "2016.04.17"]
[Round "11.4"]
[White "Soban, Jaroslav"]
[Black "Majer, Jiri Sr"]
[Result "1/2-1/2"]
[WhiteElo "2095"]
[BlackElo "2096"]
[PlyCount "61"]
[EventDate "2015.10.18"]
[EventType "team-tourn"]
[EventRounds "11"]
[EventCountry "CZE"]
[SourceTitle "EXT 2022"]
[Source "ChessBase"]
[SourceDate "2021.10.06"]
[SourceVersion "1"]
[SourceVersionDate "2021.10.06"]
[SourceQuality "1"]
[WhiteTeam "Grygov II"]
[BlackTeam "Kurim"]
[WhiteTeamCountry "CZE"]
[BlackTeamCountry "CZE"]

1. c4 c6 2. e4 d5 3. exd5 cxd5 4. d4 Nf6 5. Nc3 Nc6 6. Bg5 e6 7. Nf3 Be7 8. Be2 0-0 9. 0-0 dxc4 10. Bxc4 a6 11. Bb3 b5 12. Qd3 Nb4 13. Qe2 Bb7 14. Rfd1 Nbd5 15. Rac1 h6 16. Nxd5 Bxd5 17. Bxd5 Qxd5 18. Bxf6 Bxf6 19. b3 Rac8 20. Qe3 Rfd8 21. h3 Bg5 22. Nxg5 Qxg5 23. Rxc8 Rxc8 24. d5 Qxe3 25. fxe3 exd5 26. Rxd5 Rc1+ 27. Kh2 Ra1 28. Rd2 Kf8 29. Kg3 Ke7 30. Kf4 Ke6 31. Ke4 1/2-1/2

[Event "CZE-chT2E 1516"]
[Site "Czech Republic"]
[Date "2016.04.03"]
[Round "10.5"]
[White "Soban, Jaroslav"]
[Black "Bukacek, Lubomir"]
[Result "0-1"]
[WhiteElo "2095"]
[BlackElo "2092"]
[PlyCount "74"]
[EventDate "2015.10.18"]
[EventType "team-tourn"]
[EventRounds "11"]
[EventCountry "CZE"]
[SourceTitle "EXT 2022"]
[Source "ChessBase"]
[SourceDate "2021.10.06"]
[SourceVersion "1"]
[SourceVersionDate "2021.10.06"]
[SourceQuality "1"]
[WhiteTeam "Grygov II"]
[BlackTeam "Jihlava Silko Gambit"]
[WhiteTeamCountry "CZE"]
[BlackTeamCountry "CZE"]

1. e4 d6 2. d4 Nf6 3. Nc3 c6 4. f4 b5 5. a3 g6 6. Nf3 Bg7 7. Be2 0-0 8. 0-0 Qb6 9. Kh1 Nbd7 10. Be3 a6 11. Qd2 c5 12. e5 Ng4 13. Nd5 Qd8 14. Bg1 Bb7 15. Ng5 Bxd5 16. Bxg4 dxe5 17. dxe5 e6 18. Bf3 Bxf3 19. Rxf3 Nb6 20. Qxd8 Rfxd8 21. Bxc5 Na4 22. b4 Nxc5 23. bxc5 Rd4 24. g3 h6 25. Nh3 Rc4 26. a4 b4 27. Rb3 Rc8 28. Nf2 Rxc2 29. Nd3 a5 30. Rd1 Bf8 31. Rb2 Rxb2 32. Nxb2 Rxc5 33. Rd2 Rc3 34. Kg2 b3 35. Kf1 Rc2 36. Ke2 Ba3 37. Nd3 b2 0-1

[Event "CZE-chT1E 1516"]
[Site "Czech Republic"]
[Date "2016.03.20"]
[Round "10.8"]
[White "Soban, Jaroslav"]
[Black "Dubina, Pavel"]
[Result "0-1"]
[WhiteElo "2072"]
[BlackElo "2136"]
[PlyCount "72"]
[EventDate "2015.10.11"]
[EventType "team-tourn"]
[EventRounds "11"]
[EventCountry "CZE"]
[SourceTitle "EXT 2017"]
[Source "ChessBase"]
[SourceDate "2016.10.25"]
[SourceVersion "1"]
[SourceVersionDate "2016.10.25"]
[SourceQuality "1"]
[WhiteTeam "Grygov"]
[BlackTeam "Zlin"]
[WhiteTeamCountry "CZE"]
[BlackTeamCountry "CZE"]

1. c4 e5 2. Nc3 Nf6 3. g3 Nc6 4. Bg2 Bc5 5. a3 a5 6. e3 d6 7. Nge2 Bg4 8. h3 Bh5 9. 0-0 0-0 10. d3 Re8 11. Qc2 Qd7 12. Rb1 Bg6 13. Nd5 Nxd5 14. cxd5 Ne7 15. b4 axb4 16. axb4 Bb6 17. Nc3 h5 18. h4 Ra7 19. Bb2 Rea8 20. Rfd1 Nf5 21. Qd2 Nh6 22. Ra1 Qg4 23. Ne2 Qd7 24. d4 Ng4 25. f3 Rxa1 26. Bxa1 Nh6 27. Kh2 Ra3 28. e4 Qa4 29. Bc3 Ra2 30. Qd3 Bxe4 31. fxe4 Ng4+ 32. Kg1 Qb3 33. Nc1 Qc2 34. Qxc2 Rxc2 35. Bd2 Bxd4+ 36. Kf1 Be3 0-1

[Event "CZE-chT1E 1516"]
[Site "Czech Republic"]
[Date "2016.02.28"]
[Round "9.6"]
[White "Stuchly, Ondrej"]
[Black "Soban, Jaroslav"]
[Result "0-1"]
[WhiteElo "1984"]
[BlackElo "2072"]
[PlyCount "38"]
[EventDate "2015.10.11"]
[EventType "team-tourn"]
[EventRounds "11"]
[EventCountry "CZE"]
[SourceTitle "EXT 2017"]
[Source "ChessBase"]
[SourceDate "2016.10.25"]
[SourceVersion "1"]
[SourceVersionDate "2016.10.25"]
[SourceQuality "1"]
[WhiteTeam "Stare Mesto"]
[BlackTeam "Grygov"]
[WhiteTeamCountry "CZE"]
[BlackTeamCountry "CZE"]

1. d4 f5 2. Nf3 Nf6 3. c4 g6 4. Nc3 Bg7 5. g3 0-0 6. Bg2 d6 7. 0-0 c6 8. Re1 Ne4 9. Qc2 Nxc3 10. bxc3 e5 11. e4 Qa5 12. Bh3 Na6 13. Bg5 fxe4 14. Bxc8 Raxc8 15. Qxe4 Qxc3 16. Kg2 Rce8 17. Rac1 Qa3 18. Rb1 Rf7 19. Qc2 Qxf3+ 0-1